Fragmentos de canciones V - Estadísticas

Estadísticas generales
  • Esta prueba ha sido intentada 93 veces
  • La puntuación promedio es 7 de 16
Estadísticas de respuestas
Adivina de este fragmento La palabra perdida % Correcto
¿A quién le importa lo que yo haga? ¿A quién le importa lo que yo diga? Yo soy así, y así ____, nunca cambiaré. Seguiré
95%
Me dejaste el corazón vacío. A ella le das calor y yo muero de frío. Qué ilusa fui al ____ que tu amor era mío. Creí que éramos dos, pero me has metido, éramos tres contigo. Creer
79%
Si me ____ por ti (oh-oh) diré que es mentira que toda una vida he soñado contigo. Yo sueño contigo. Si me ____ por ti (oh-oh) diré que no es cierto que duele por dentro que no estés conmigo. Te quiero conmigo. Oh-oh-oh-oh. Te miro, me miras y el mundo no gira. Todo parece mentira (oh-oh-oh-oh) Preguntan
73%
Because when the Sun shine, we shine together. Told you I'll be here forever, said I'll always be your ____, took an oath, I'ma stick it out to the end. Now that it's raining more than ever. Know that we'll still have each other. You can stand under my umbrella. You can stand under my umbrella. Friend
69%
She pulls me in enough to keep me guessing, hmmm. Maybe I should stop and start confessing, confessing, yeah. Oh, I've been shaking. I love it when you go ____. You take all my inhibitions. Baby, there's nothing holdin' me back. You take me places that tear up my reputation, manipulate my decisions. Baby, there's nothing holdin' me back. There's nothing holdin' me back. There's nothing holdin' me back. Crazy
63%
I'm holdin' on your rope. Got me ten feet off the ground and I'm hearin' what you say, but I just can't make a sound (hey, hey, hey). You tell me that you need me, then you go and cut me down, but wait, you tell me that you're sorry. Didn't think I'd turn around and say that it's too ____ to apologize. It's too ____ (hey, hey, hey). I said it's too ____ to apologize. It's too ____ (hey, hey, hey) Late
54%
Standing in the Hall of Fame and the world's gonna ____ your name, cause you burn with the brightest flame, and the world's gonna ____ your name, and you'll be on the walls of the Hall of Fame. Know
49%
Y se marchó, y a su barco le llamó "libertad", y en el cielo descubrió ____, y pintó estelas en el mar. Gaviotas
46%
Cause you make me feel like I've been ____ out of heaven for too long, for too long. Yeah, you make me feel like I've been ____ out of heaven for too long, for too long, oh-oh, oh-oh-oh. Locked
46%
Que hay algo en mí que no van a quitarme. Soy mujer, no ____ a nadie. No tengo cielo al que mirar. No encuentro calma en mi ansiedad y aún sigo aquí, dispuesta a levantarme. Puedo ser quien quiera imaginarme. No tengo cielo al que mirar y aunque lo quiera, no puedo olvidar, que me he fallado, mm, mm. Pertenezco
44%
Où est ton ____? Dis-moi, où est ton ____? Sans même devoir lui parler. Il sait ce qui ne va pas. Ah, sacré ____. Dis-moi, où es-tu caché? Ça doit faire au moins mille fois que j'ai compté mes doigts. Papa
38%
Me busqué la ruina por ser demasiado osada. Con dieciséis pensé en la muerte más veces de las planeadas. Juicios y mala fama te dejan mal parada. La música la única que nunca a mí me fallaba. Ahora entiendo que en casa tenía oro, que la depresión no te deja ver, que el trabajo roba el tiempo pero no roba el amor. Se han ganado mis padres el cielo. Para volar hay que caer, para ____ hay que nacer, para ser feliz hay que sufrir, para serte fiel hay que ____. Vivir
32%
Je veux de l'amour, de la joie, de la bonne humeur, ce pas votre argent qui f'ra mon bonheur. Moi, j'veux crever la main sur la cœur. Allons ensemble découvrir ma ____, oubliez, donc, tous vos clichés. Bienvenue dans ma réalité. Liberté
28%
Pero tú no me digas que no, que mi alma vuela y en la habitación cuando no respiro y escucho tu voz me ____ por dentro y pierdo el valor. Quemo
13%
E adesso giuro faccio le valigie, e scappo via in un'altra dimensione. Son stanco delle vostre facce grigie, voglio un mondo rosa pieno di colore. Voi comprate amore con le carte Visa con le facce intrise sì ma di sudore e adesso giuro faccio le valigie e scappo via dalla dolce. Marlena, Marlena, sì portami a ballare stasera. Marlena, Marlena, sì portami a ballare stasera. Marlena, Marlena, sì portami a ballare stasera. Marlena, Marlena, sì portami a ____. Bailar
5%
Luz del alma mía, divina, que a mí me alumbra mi corazón. Mi cuerpo alegre camina porque de ti lleva la ____. Ay, como el agua, como el agua, como el agua. Ay, como el agua. Ay, como el agua, como el agua. Ilusión
1%
No se encontraron pruebas coincidentes
Distribución de puntuación
Porcentaje de gente con cada puntuación
Porcentaje por número respondido
Historial de tus puntuaciones
No has intentado esta prueba.